000 00473pab a2200193 454500
008 180718b2010 xxu||||| |||| 00| 0 eng d
100 _aKong, Dongsung
245 _aThe social dimensions of immigration in Korea
260 _c2010
300 _ap.252-74.
362 _aMay
650 _aImmigration - Korea
650 _aImmigration
700 _aYu, Soyung
700 _aYoon, Kiwoong
773 _aJournal of Contemporary Asia
908 _aN
909 _a86596
999 _c86596
_d86596